les 15 saga/serie les plus vue en france - Statistiques

Statistiques générales
  • Ce quiz a été pris 155 fois
  • Le résultat moyen est 3 sur 15
Statistiques - réponses
chiffre serie et saga % Correct
1 harry potter
84%
2 star wars
64%
7 game of thrones
37%
11 friends
31%
3 twilight
30%
9 la casa de papel
25%
8 elite
11%
5 riverdale
8%
10 the 100
8%
14 sex education
5%
13 you
5%
4 lucifer
3%
6 stanger things
2%
12 the witcher
2%
15 outlanders
1%
Aucun quiz correspondant
Distribution des résultats
% des personnes avec chaque résultat
Percentile par nombre de réponses
Votre historique - résultats
Vous n’avez pas pris ce quiz